| 000 | 00529nam a2200193 a 4500 | ||
|---|---|---|---|
| 005 | 20240924070233.0 | ||
| 008 | 010620s2000 es r 000 0 spa d | ||
| 020 | _a8430934715 | ||
| 035 | _aUPN01000108667 | ||
| 049 | _aCG | ||
| 050 | 4 |
_aBJ1142 _bC6.4 2000 |
|
| 100 | 1 |
_aCortina Orts, Adela, _d1947- _931181 |
|
| 245 | 1 | 0 |
_aEtica mínima : _bintroducción a la filosofía práctica / _cAdela Cortina. |
| 250 | _a6a ed. | ||
| 260 |
_aMadrid : _bTecnos, _c2000. |
||
| 300 | _a294 p. | ||
| 650 | 4 |
_aÉtica _912720 |
|
| 905 | _aLibro | ||
| 999 |
_c82579 _d82579 |
||